| 000 | 00644nam a2200205 4500 | ||
|---|---|---|---|
| 001 | 117032 | ||
| 003 | ES-MaACL | ||
| 007 | t| | ||
| 008 | 070228s1967 mx r ||||1| spa d | ||
| 100 | 1 |
_aPayno, Manuel. _989732 |
|
| 245 | 1 | 3 |
_aEl fistol del Diablo / _cManuel Payno ; texto establecido y estudio preliminar de Antonio Castro Leal. |
| 250 | _a2ª ed. | ||
| 260 |
_aMéxico : _bPorrúa, _c1967. |
||
| 300 |
_aXXXII, 894 p. ; _c22 cm. |
||
| 490 | 1 |
_aSepan cuantos... ; _v80 |
|
| 700 | 1 |
_aCastro Leal, Antonio. _936930 |
|
| 830 | 0 | 0 |
_aSepan cuantos_ _v80 _9180801 |
| 852 |
_aES-MaACL _jE-9155 _bR.93828 |
||
| 999 |
_c117032 _d117032 |
||